000 00361pam a2200145a 44500
008 230405s2015 xxu||||| |||| 00| 0 eng d
041 _aENG
100 _aGULATI R.R
245 _aMODERN TELEVISION PRATICE
_b08/16/2016
260 _aNEW DELHI
_bNEW AGE INTERNATIONAL PUB
_c2015
300 _aP.B,XVI,689
650 _aE&TC
690 _aE&TC
906 _a4425
999 _c818620
_d818620